Los retos de la ruralidad en Mx̌ico

Detalles Bibliográficos
Autor principal: Vz̀quez Flora, Horacio
Formato: eBook
Lenguaje:español
Publicado: Ciudad de Mx̌ico: Cm̀ara de Diputados, 2015
Materias:
Acceso en línea:Acceso restringido

MARC

LEADER 00000nam a22000007a 4500
005 20180403210823.0
007 cr|||| ||||
008 180403s2015 mx |||||s|||| 00||0 spa d
020 |a 978-607-9423-18-6 
035 |a 21230 
040 |a vLex 
090 |c 7648  |d 7648 
100 1 |a Vz̀quez Flora, Horacio 
245 1 3 |a Los retos de la ruralidad en Mx̌ico  |h [Recurso electrn̤ico] /  |c Horacio Vz̀quez Flora 
256 |a Servicio en ln̕ea 
260 |a Ciudad de Mx̌ico:  |b Cm̀ara de Diputados,  |c 2015 
300 |a 1 recurso electrn̤ico 
506 1 |a Disponible solo en los productos indicados  |d vLex Global  |d vLex Global (Academic Edition, excluding Law Schools)  |d vLex Global (U.S. Academic Edition, Law Schools)  |d vLex Global (U.S. Academic Edition, excluding Law Schools)  |d vLex Global (Academic Edition, Law Schools) 
650 0 4 |a Ciencias sociales  |z Mx̌ico 
740 0 |a vLex Libros (Servicio en ln̕ea) 
856 4 0 |u http://vlex.com/source/retos-ruralidad-mexico-21230  |z Acceso restringido 
942 |c BOOK 
999 0 |a Social Sciences